| 000 | 00954nam a22002417a 4500 | ||
|---|---|---|---|
| 999 |
_c64051 _d64051 |
||
| 005 | 20240530110712.0 | ||
| 008 | 180211s2016 ua fh g 000 0 ara d | ||
| 017 |
_a2016/3073 _bمصر. دار الكتب |
||
| 040 |
_aEG-CaGPL _cEG-CaGPL |
||
| 082 | 0 | 4 |
_221 _a155.413 / _bم ر |
| 100 | 0 | _aمحمد مختار صالح | |
| 245 | 1 | 0 |
_aرسومات الاطفال : _bرسائل يجب عليها للاطفال / _cتاليف محمد مختار صالح، ريهام رجب محمد |
| 260 |
_aالقاهرة : _c2016. _b[ د.ن ]، |
||
| 300 |
_a252 ص. : _bايض ؛ _c24 سم. |
||
| 650 | 0 | 7 |
_2qrmak _aالاطفال _xعلم النفس |
| 650 | 0 | 7 |
_2qrmak _aعلم النفس التربوى |
| 650 | 0 | 7 |
_2qrmak _aرسوم الاطفال |
| 650 | 0 | 7 |
_2qrmak _aالاطفال _xحقوق مدنية |
| 651 | _2qrmak | ||
| 700 | 0 |
_aريهام رجب محمد _eمؤلف مشارك |
|
| 942 |
_2ddc _cBK |
||